000 00745nam a2200205 4500
001 83522
003 BD-RjUL
005 20240417115329.0
008 240417b |||||||| |||| 00| 0 eng d
035 _a(BD-RjUL)83522
040 _aBD-RjUL
_beng
_cBD-RjUL
041 _aurd
082 _223
_a891.43908
_bBAK 195?
100 _aبهادر, سيد احمد خان ;; Bahadur, Syed Ahmed Khan
_912599
245 _aالخطابات الأحمدية في العرب وسيرة المحمدية ;; alkhitabat al'ahmadiat fi alearab wasirat almuhamadia /
_cسيد احمد خان بهادر ;; Syed Ahmed Khan Bahadur
260 _aLahore :
_bMuslim press,
_c195?
300 _a448 p. ;
_c23 cm
650 _aLecture
_912600
942 _2ddc
_cBK
999 _c83522
_d83522